LIBRARY & INFORMATION CENTRE, KCAET, TAVANUR

ONLINE PUBLIC ACCESS CATALOGUE (OPAC)

Numerical methods in engineering and science / (Record no. 11120)

MARC details
000 -LEADER
fixed length control field 00422cam a2200169ua 4500
041 ## - LANGUAGE CODE
Language code of text/sound track or separate title eng
082 ## - DEWEY DECIMAL CLASSIFICATION NUMBER
Classification number 511
Item number GRE/NU
100 ## - MAIN ENTRY--AUTHOR NAME
Personal name Grewal, B S.
245 ## - TITLE STATEMENT
Title Numerical methods in engineering and science /
260 ## - PUBLICATION, DISTRIBUTION, ETC. (IMPRINT)
Place of publication Delhi :
Name of publisher Khanna publishers ,
Year of publication 1991.
300 ## - PHYSICAL DESCRIPTION
Number of Pages 373 ; .
942 ## - ADDED ENTRY ELEMENTS (KOHA)
Koha item type Books
Holdings
Withdrawn status Lost status Damaged status Home library Current library Date acquired Full call number Accession Number Koha item type
Withdrawn   Damaged KAUAET KAUAET 07/04/2012 511 19106 Books
free website counter